History Quiz

Random History Quiz

Aboriginal FOOD and GATHERINGS!!! Quiz Stats

 Plays Quiz not verified by Sporcle

Challenge
Share
Tweet
Embed
Score 0/47 Timer 15:00
0 Plays Today
% Correct
Cooking pit
60%
Witchetty Grubs
52.4%
Bandicoots
52.4%
Orange Truffles
52.4%
Beefsteak Fungus
50%
Spear
45%
Bush Tomatos
45%
Blue Tongue
44.4%
Goannas
42.9%
Cicadas
40%
Bats
40%
The Men
40%
Pencil Yam
38.9%
Witchetty Bush
38.9%
Frogs
35%
Honey Ant
33.3%
Large fish
33.3%
Crocodiles
33.3%
Finger Lime
33.3%
Desert Fig
33.3%
Snow Berries
33.3%
Sticks and Wood
33.3%
A Basket Made of Reeds
33.3%
Dig
33.3%
% Correct
Water
31.6%
Shellfish
30%
Yam
30%
Eggs
30%
Sugar
30%
Dry Wood
27.8%
The Women
26.7%
Berries
25%
Kangaroo
25%
Eels
23.8%
Wood cockroach
23.8%
Lady Apple
22.2%
Pepper
22.2%
Green Ant
20%
Skink
20%
Honey
20%
Common Brushtail Possum
19%
Boomerang
13.3%
Mother of pearl
13.3%
Nuts
10%
Honey Ants
6.7%
Spears
6.7%
Spice, Mushrooms, Sugar
5.6%

You're not logged in!

Compare scores with friends on all Sporcle quizzes.
OR
Log In

You Might Also Like...

Show Comments

Extras

Created Oct 22, 2013ReportNominate

Top Quizzes Today


Score Distribution

Your Account Isn't Verified!

In order to create a playlist on Sporcle, you need to verify the email address you used during registration. Go to your Sporcle Settings to finish the process.

Report this User

Report this user for behavior that violates our Community Guidelines.

Details: